Nazwij pasujące państwo #2 - Statystyki

Ogólne statystyki
  • Ten quiz został rozwiązany 20 533 razy
  • Średni wynik to 13 z 20
Statystyki odpowiedzi
Nazwij państwo... Państwo % Poprawnych
które zaczyna się na "Z": Zambia | Zimbabwe | Zjednoczone Emiraty Arabskie
99%
które było częścią Jugosławii: Bośnia i Hercegowina | Chorwacja | Kosowo | Czarnogóra | Macedonia Północna | Serbia | Słowenia
90%
które ma terytoria oddalone nie więcej niż 100 mil od USA, lecz z nim nie graniczące: Bahamy | Kuba | Rosja
83%
które jest wyspiarskim państwem leżącym na Morzu Śródziemnym: Cypr | Malta
82%
którego nazwa kończy się na "y": Bahamy | Chiny | Czechy | Filipiny | Komory | Malediwy | Niemcy | Saint Vincent i Grenadyny | Sudan Południowy | Węgry | Włochy
76%
które używa Peso: Argentyna | Chile | Kolumbia | Kuba | Dominikana | Meksyk | Filipiny | Urugwaj
75%
które jest państwem wyspiarskim leżącym na Oceanie Indyjskim: Komory | Madagaskar | Malediwy | Mauritius | Seszele | Sri Lanka
75%
graniczące z Kostaryką: Nikaragua | Panama
75%
leżące nad Zatoką Perską: Bahrajn | Iran | Irak | Kuwejt | Oman | Katar | Arabia Saudyjska | Zjednoczone Emiraty Arabskie
68%
z orłem na fladze: Albania | Egipt | Kazachstan | Meksyk | Mołdawia | Czarnogóra | Serbia | Zambia | Zimbabwe
66%
w którym żyje ponad 100 milionów muzułmanów: Bangladesz | Indie | Indonezja | Nigeria | Pakistan
66%
przez które przepływa Mekong: Kambodża | Chiny | Laos | Mjanma | Tajlandia | Wietnam
65%
w którym oficjalną religią jest buddyzm: Bhutan | Kambodża | Indonezja | Laos | Mjanma | Sri Lanka | Tajlandia
59%
którego nazwa zawiera tylko jedną sylabę: Cypr | Czad
54%
które na mocy prawa jest jednopartyjnym państwem marksistowskim: Chiny | Kuba | Laos | Wietnam
51%
które miało śmierci z powodu Eboli w 2014 roku: Demokratyczna Republika Konga | Gwinea | Liberia | Nigeria | Sierra Leone
48%
którego nazwa kończy się na "l"(L): Izrael | Nepal | Senegal
47%
leżące nad Morzem Jońskim: Albania | Grecja | Włochy
45%
gdzie najpopularniejszym sportem jest baseball: Kuba | Dominikana | Japonia | Nikaragua | Panama | Korea Południowa | Tajwan | Wenezuela
43%
którego flaga zawiera Krzyż Południa: Australia | Brazylia | Nowa Zelandia | Papua-Nowa Gwinea | Samoa
39%
Nie znaleziono quizów pasujących do podanych kryteriów
Rozkład punktacji
Procent ludzi z każdym wynikiem
Percentyl według liczby udzielonych odpowiedzi
Twoja historia wyników
Nie rozwiązałeś tego quizu